| 000 | 02037cam a22004454i 4500 | ||
|---|---|---|---|
| 003 | PE-LiUPU | ||
| 005 | 20250731183440.0 | ||
| 008 | 150706s2005 r 000 0 d | ||
| 020 | _a843760395I | ||
| 035 | _a(Sirsi) i843760395 | ||
| 040 |
_aPE-LiUPU _bspa _cPE-LiUPU _erda |
||
| 049 | _aPRUA | ||
| 082 | 0 | 4 |
_a709.94897 _bM26 _221 |
| 100 | 1 |
_aMarcais, Georges, _d1876-1962, _eautor. |
|
| 245 | 1 | 3 |
_aEl arte musulmán / _cGeorges Marçais. |
| 250 | _aCuarta edición. | ||
| 264 | 1 |
_aMadrid : _bCátedra, _c2005. |
|
| 300 |
_a255 páginas : _bilustraciones ; _c18 cm. |
||
| 336 |
_atext _2rdacontent |
||
| 337 |
_aunmediated _2rdamedia |
||
| 338 |
_avolume _2rdacarrier |
||
| 490 | 0 |
_aCuadernos Arte Cátedra ; _v16 |
|
| 504 | _aIncluye bibliografía. | ||
| 505 | 0 | _aEl mundo Musulmán unificado -- El arte de los Omeyas de Siria -- El arte de los Abasíes -- El arte de Egipto -- El arte de Ifriqiya -- Los tres califatos rivales -- El arte de Irán -- El arte de los fatimíes -- El arte de España y del Magreb -- La herencia de los tres califatos -- El arte de Irán -- El arte de Egipto y Siria -- El arte de España y del Magreb -- El mundo Iraní y la hegemonía Turca -- El arte de Irán -- El arte de los países Turcos -- El arte mudéjar y el arte Marroquí. | |
| 526 | _aP158 | ||
| 526 | _aP146 | ||
| 526 | _aP17 | ||
| 526 | _aP12 | ||
| 526 | _aP06 | ||
| 541 | _g015-0015391; | ||
| 650 | 1 | 4 | _aArte musulmán. |
| 650 | 2 | 4 |
_aArte islámico _xHistoria. |
| 700 | 1 |
_aCalvo, Pilar, _etr. |
|
| 910 |
_clch _d20130702 |
||
| 942 |
_2ddc _cBOOK |
||
| 949 |
_a709.94897 M26 _wDEWEY _c1 _i67537 _lCCODEBUL1 _mBUL _p25.00 _r0 _sY _tBOOK _u2015-7-6 _xINGENIERIA _PP06 _o.STAFF. Colección General |
||
| 994 |
_aC0 _bPEPRU |
||
| 596 | _a1 | ||
| 999 |
_a709.94897 M26 _wDEWEY _c55165 _i67537 _f2021-11-5 _g7 _lCCODEBUL1 _mBUL _p25.00 _r0 _sY _tBOOK _u2015-7-6 _xBIBLIOTECA _PP06 _0COMPRA _o.STAFF. Colección Ingenieria y Arquitectura _d55165 |
||
| 980 |
_81 _gALBERTO SANCHEZ Responsable de Automatización |
||